000 00247nam a2200109Ia 4500
008 201231s9999 xx 000 0 und d
100 _aMolitor, Andre
245 0 _aPublic Administration
260 _aGeneva
_bUNESCO
300 _a192
942 _cBK
999 _c10095
_d10095